Countries Closest to Eswatini - Statistics

General Stats
  • This quiz has been taken 72 times
  • The average score is 17 of 20
Answer Stats
Distance (mi) Answer Distance (km) % Correct
171 Lesotho 276
98%
0 South Africa 0
98%
603 Zambia 971
96%
733 Madagascar 1,180
95%
665 Namibia 1,071
95%
228 Zimbabwe 367
95%
273 Botswana 439
91%
1,004 Tanzania 1,616
91%
854 Democratic Republic of the Congo 1,375
89%
0 Mozambique 0
89%
1,586 Rwanda 2,553
89%
754 Angola 1,214
88%
1,542 Kenya 2,482
88%
1,677 Uganda 2,700
86%
1,472 Burundi 2,369
82%
639 Malawi 1,028
82%
1,203 Comoros 1,936
81%
1,643 Mauritius 2,645
79%
1,466 Seychelles 2,360
67%
570 French Southern and Antarctic Lands (France) 917
58%
No matching quizzes found
Score Distribution
Percent of People with Each Score
Percentile by Number Answered
Your Score History
You have not taken this quiz